[Event "Bad Woerishofen Seniors op 32nd"]
[Site "Bad Woerishofen"]
[Date "2016.03.04"]
[Round "8"]
[White "Schulz, Franz"]
[Black "Gerst, Waldemar"]
[Result "0-1"]
[WhiteElo "1643"]
[BlackElo "1769"]
[PlyCount "54"]
[EventDate "2016.02.26"]
[EventType "swiss"]
[EventRounds "9"]
[EventCountry "GER"]
[SourceTitle "EXT 2019"]
[Source "ChessBase"]
[SourceDate "2018.10.10"]
[SourceVersion "1"]
[SourceVersionDate "2018.10.10"]
[SourceQuality "1"]

1. b4 b6 2. Bb2 e6 3. a3 d5 4. e3 Nf6 5. d3 Bd6 6. Be2 0-0 7. c4 c6 8. Bf3 Nbd7 9. Ne2 Ne5 10. Ng3 Qc7 11. Bxe5 Bxe5 12. Ra2 Bb7 13. Rc2 Rad8 14. d4 Bxg3 15. hxg3 Qd7 16. c5 Ba6 17. Be2 Bxe2 18. Qxe2 Rfe8 19. f4 bxc5 20. Rxc5 Ne4 21. Qh5 h6 22. Qg4 f5 23. Qg6 Qf7 24. Qxf7+ Kxf7 25. Rxc6 Rc8 26. Rxc8 Rxc8 27. Kd1 Nf2+ 0-1

[Event "Wuerttemberg-ch Seniors 15th"]
[Site "Ellwangen"]
[Date "2003.04.17"]
[Round "7"]
[White "Schulz, Franz"]
[Black "Kerkhoff, Werner"]
[Result "1-0"]
[WhiteElo "1472"]
[BlackElo "1624"]
[PlyCount "65"]
[EventDate "2003.04.??"]
[EventType "swiss"]
[EventRounds "9"]
[EventCountry "GER"]
[SourceTitle "EXT 2006"]
[Source "ChessBase"]
[SourceDate "2005.11.24"]
[SourceVersion "1"]
[SourceVersionDate "2005.11.24"]
[SourceQuality "1"]

1. e4 c5 2. Nf3 d6 3. d4 cxd4 4. Nxd4 Nf6 5. Nc3 a6 6. Be2 e5 7. Nb3 Be7 8. Be3 Be6 9. 0-0 Qc7 10. f4 exf4 11. Bxf4 Nc6 12. Nd5 Bxd5 13. exd5 Nb4 14. c4 a5 15. a3 Na6 16. Nd4 0-0 17. Kh1 Rfe8 18. Nb5 Qc5 19. Rf3 Ng4 20. Qf1 Bf8 21. Rc1 b6 22. h3 Nf6 23. Rd1 Rac8 24. Bg3 Rxe2 25. Qxe2 Qxc4 26. Qxc4 Rxc4 27. Bxd6 Bxd6 28. Nxd6 Rc2 29. Rb3 Nd7 30. Re1 g6 31. Re7 Nac5 32. Rf3 Rxb2 33. Rfxf7 1-0